<?xml version="1.0" encoding="UTF-8"?>
<record
    xmlns:xsi="http://www.w3.org/2001/XMLSchema-instance"
    xsi:schemaLocation="http://www.loc.gov/MARC21/slim http://www.loc.gov/standards/marcxml/schema/MARC21slim.xsd"
    xmlns="http://www.loc.gov/MARC21/slim">

  <leader>01152aab a2200193 i 4500</leader>
  <controlfield tag="001">768714001</controlfield>
  <controlfield tag="003">CO-MdFUSB</controlfield>
  <controlfield tag="005">20221116153416.0</controlfield>
  <controlfield tag="008">221116r2002    sp ||||| |||| 00| 0 spa d</controlfield>
  <datafield tag="040" ind1=" " ind2=" ">
    <subfield code="b">spa</subfield>
    <subfield code="c">CO-MdFUSB</subfield>
    <subfield code="d">CO-MdFUSB</subfield>
  </datafield>
  <datafield tag="041" ind1=" " ind2=" ">
    <subfield code="a">spa</subfield>
  </datafield>
  <datafield tag="100" ind1="1" ind2=" ">
    <subfield code="a">Tamez, Elsa</subfield>
    <subfield code="e">autor</subfield>
  </datafield>
  <datafield tag="245" ind1="1" ind2="0">
    <subfield code="a">1 Timoteo y Santiago frente a los ricos, las mujeres y las disputas teol&#xF3;gicas</subfield>
    <subfield code="c">/ Elsa Tamez</subfield>
  </datafield>
  <datafield tag="300" ind1=" " ind2=" ">
    <subfield code="a">N&#xFA;mero 294 (2002), P&#xE1;ginas 57-66</subfield>
    <subfield code="c">; 21 cm</subfield>
  </datafield>
  <datafield tag="520" ind1=" " ind2=" ">
    <subfield code="a">A trav&#xE9;s de los escritos Novo testamentarios se observa que en las comunidades cristianas abundaron los conflictos de distinta &#xED;ndole: sociales, culturales, teol&#xF3;gicas, morales o personales. Ninguna comunidad estuvo exenta de ellos, ya sea al interior mismo de la comunidad o con los de afuera. Los autores de las ep&#xED;stolas o de los evangelios intenta, adem&#xE1;s de ofrecer un mensaje, dar respuesta a eta pugnas. Y  aunque los conflictos  a veces son similares, cada autor contesta desde su perspectiva. a A veces las respuestas resultan ser opuestas.</subfield>
  </datafield>
  <datafield tag="630" ind1="0" ind2="7">
    <subfield code="a">Biblia.</subfield>
  </datafield>
  <datafield tag="773" ind1="0" ind2=" ">
    <subfield code="t">Concilium</subfield>
    <subfield code="0">49450</subfield>
    <subfield code="9">60418</subfield>
    <subfield code="g">N&#xFA;mero 294 (2002), P&#xE1;ginas 57-66</subfield>
    <subfield code="q">P&#xE1;ginas 57</subfield>
  </datafield>
  <datafield tag="942" ind1=" " ind2=" ">
    <subfield code="c">ANA</subfield>
  </datafield>
  <datafield tag="999" ind1=" " ind2=" ">
    <subfield code="c">49974</subfield>
    <subfield code="d">49974</subfield>
  </datafield>
</record>
